000 00872nam a2200241Ia 4500
003 GCL
008 140319s9999 xx 000 0 ara d
040 _aGCL /
_cGCL
082 0 4 _a358.8
_bم ح
100 1 _aمحمد اسعد عبدالرؤوف
245 1 0 _aحرب الفضاء : دراسة تحليلية لأسلحة واستراتيجيات حرب الفضاء SDI /
_cمحمد اسعد عبدالرؤوف
700 1 _aاقطاب العلماء الامريكين
300 _a335 ص
490 _aالالف كتاب الثانى
_v0
650 0 4 _aالفضاء
650 0 4 _aالاتحاد السوفيتى
650 0 4 _aالولايات المتحدة الامريكية
650 0 4 _aالعلوم الحربية
650 0 4 _aالصواريخ
650 0 4 _aالحرب الباردة
650 0 4 _aالاقمار الصناعية
942 _2ddc
_cBK
999 _c44675
_d44675